00642nam a2200169 i 450000100060000000300090000600500170001500700030003200800410003510000400007624501230011626000400023930000220027985200320030199900170033395201220035048921ES-MaACL20230906161839.0t|030702s1973 sp ||||1| spa d1 aCorella Iraizoz, Jose Maria.94057910aHistoria de la literatura navarra b: (ensayo para una historia literaria del viejo Reino) / cJosé María Corella. aPamplona : bEd. Pregón, c[1973] a401 p. ; c21 cm. aES-MaACLjC-56129 bR.88872 c48921d48921 00104070aATENEOMbATENEOMcDEPO2d2008-01-17eSCl0oC-56129p1051485r2023-02-23 00:00:00w2023-02-23yMONOGRAFIA